Греда (Запис номер 384718)
[ съкратено ]
| 000 -Лидер | |
|---|---|
| Контролно поле с фиксирана дължина | nam a22 a 4500 |
| 005 - Дата и час на последна редакция | |
| Контролно поле | 20200824133926.0 |
| 008 - Елементи от данни с фиксирана дължина | |
| fixed length control field | 200824b bu ||||| |||| 00| 0 bu d |
| 041 ## - Код за език | |
| Код за езика на текст/звукозапис или на отделно заглавие | Български |
| Код за езика КДБФ | Български |
| 080 ## - УДК | |
| Текстов определител УДК | Упражнения с твърди опорни гимнастически уреди и съоръжения (гимнастически кон, успоредка и др.) |
| УДК код - определител по УДК | 796.414 |
| УДК определител | (075.4) |
| УДК - код + определител | 796.414(075.4) |
| 139 ## - Редно поле | |
| Редна дума | Греда |
| 245 10 - Сведения за заглавието | |
| Заглавие | Греда |
| Подзаглавни данни | Уч. помагало за специалисти |
| Редно поле (дума) | Съавт. Ц. Димова; Под ред. на Н. Хаджиев; Бонка Михайлова Димитрова; Цветана Димова; Цветана Първанова Добрева; Жечка Димитрова Кръстева; Никола Иванов Хаджиев. |
| 257 ## - Страна на издаване | |
| Страна на създаване/издаване | България |
| 260 ## - Област на издателските данни | |
| Място на издаване, разпространение и проч. | София |
| Име на издателя, разпространителя и проч. | ВИФ Г. Димитров |
| Година на издаване | 1981 |
| 300 ## - Физическа характеристика | |
| Страници | 104 с. |
| Илюстрации и др. | с ил. |
| Размери/Мащаб | 15Х21 см |
| 380 ## - Жанр | |
| Жанр | 793/799 Спорт |
| 500 ## - Общи забележки | |
| Забележка | Други авт.: Ц. Добрева, Ж. Кръстева, Б. Димитрова ; Пълното име на авт. Ц. Димова е Цветана Димова Иванова. - Изд. на ЕЦНПК по физ. култура и спорт. ВИФ Г. Димитров. Кат. Гимнастика. - Офс. изд. - 450 тир. |
| 653 #7 - Ключова дума – ненормативна | |
| Ключова дума | художествена гимнастика |
| 9 (RLIN) | 200262 |
| 653 #7 - Ключова дума – ненормативна | |
| Ключова дума | учебници за ВУЗ |
| 9 (RLIN) | 199104 |
| 700 1# - Други автори (авторска отговорност) | |
| Лично име | Димова, Ц. |
| Автороска отговорност (Описва отношението между автора и произведението) | Съавт. |
| 9 (RLIN) | 430899 |
| 700 1# - Други автори (авторска отговорност) | |
| Лично име | Хаджиев, Н. |
| Автороска отговорност (Описва отношението между автора и произведението) | Под ред. на |
| 9 (RLIN) | 430900 |
| 700 1# - Други автори (авторска отговорност) | |
| Лично име | Димитрова, Бонка Михайлова |
| 9 (RLIN) | 430901 |
| 700 1# - Други автори (авторска отговорност) | |
| Лично име | Димова, Цветана |
| 9 (RLIN) | 430902 |
| 700 1# - Други автори (авторска отговорност) | |
| Лично име | Добрева, Цветана Първанова |
| 9 (RLIN) | 430903 |
| 700 1# - Други автори (авторска отговорност) | |
| Лично име | Кръстева, Жечка Димитрова |
| 9 (RLIN) | 430904 |
| 700 1# - Други автори (авторска отговорност) | |
| Лично име | Хаджиев, Никола Иванов |
| 9 (RLIN) | 430905 |
| 852 ## - Местоположение | |
| Форматна сигнатура | Цб I 18937 |
| Фондова буква | Хранилище |
| 999 ## - СИСТЕМНИ КОНТРОЛНИ НОМЕРА | |
| Koha biblionumber | 384718 |
| Koha biblioitemnumber | 384718 |
| 942 ## - АРТИКУЛИ | |
| Вид на библиотечния материал | Книги |
| Скрит в OPAC | Не |
| Източник на класификационната схема | Universal Decimal Classification |
| Периодичен библиозапис | Да |
| 944 ## - СЪЗДАВАНЕ И РЕДАКЦИЯ на ЗАПИСА | |
| Създаване/Редакция | Създаване |
| Дата на регистрацията/редакция | 2020-08-24 |
| Код за отписване | Код за изгубен артикул | Източник на класификационната схема | Код за повреда | Коз за рестрикции | Код за отдаване | Артикулен № | Име на библиотеката - собственик | Име на библиотеката, в която се намира в момента | Статус (Текущо местоположение) | Дата на вписване в системата | Местоположение - отдел | Цена в лева | Инвентарен номер | Систематично азбучна сигнатура | Баркод | Цена в евро | Служебен тип на артикула |
|---|---|---|---|---|---|---|---|---|---|---|---|---|---|---|---|---|---|
| Не е изгубен | Universal Decimal Classification | Не е повреден | само за читалня | ползва се в читалня | 794270 | Регионална библиотека "Любен Каравелов" Русе | Регионална библиотека "Любен Каравелов" Русе | Хранилище | 2020-08-26 | Хранилище | 0.55 | 331511 | Цб І 18937 | 120000331511 | 0.28 | Книги |